00723nam a2200193 i 450000100060000000300090000600500170001500700030003200800410003510000270007624501180010326000330022130000340025465000320028870000520032085200200037299900170039295201200040980395ES-MaACL20251002203813.0t|041027s1928 sp ||||1| spa d1 aHoeber, Rudolf.96391010aFisiología humana / cRudolf Höber ; traducción de la tercera edición alemana por E. Fernández Galiano. aBarcelona : bLabor, c1928. aXI, 691 p. : bil. ; c23 cm. 4aFisiología humana.9128901 aFernández Galiano, Emilio, d1885-1953949799 aES-MaACLjE-650 c80395d80395 00104070aATENEOMbATENEOMcDEPO2d2008-01-17eSCl0oE-650p1084056r2023-02-23 00:00:00w2023-02-23yMONOGRAFIA